000 00611nam a2200217Ia 4500
003 OSt
005 20221005133706.0
006 a|||||r|||| 00| 0
007 ta
008 221004b |||||||| |||| 00| 0 pan d
024 _a27741
037 _cTextual
040 _aCRL
_cCRL
_bpan
041 _2pan
_apan
082 _aY73(V46):1, 153L9
100 _aਦਰਦੀ, ਕਿਰਪਾਲ ਸਿੰਘ
245 0 _aਇਹ ਕੰਬੋਜ ਲੋਕ
260 _c1979
942 _hY73(V46):1, 153L9
_cTEXL
_2cc
999 _c1067575
_d1067575